आधुनिक भारत : (Record no. 112521)
[ view plain ]
| 000 -LEADER | |
|---|---|
| fixed length control field | 01067nam a22002537a 4500 |
| 005 - DATE AND TIME OF LATEST TRANSACTION | |
| control field | 20170124102940.0 |
| 010 ## - LIBRARY OF CONGRESS CONTROL NUMBER | |
| LC control number | B-004314 |
| 020 ## - INTERNATIONAL STANDARD BOOK NUMBER | |
| Terms of availability | 00.00 |
| International Standard Book Number | 8174870970 |
| 035 ## - SYSTEM CONTROL NUMBER | |
| System control number | B-004314 |
| 037 ## - SOURCE OF ACQUISITION | |
| Source of stock number/acquisition | Cen Lib/Ret |
| 040 ## - CATALOGING SOURCE | |
| Original cataloging agency | DPL |
| Language of cataloging | HN |
| 082 ## - DEWEY DECIMAL CLASSIFICATION NUMBER | |
| Classification number | 954 |
| Item number | त्यागीए |
| 100 ## - MAIN ENTRY--PERSONAL NAME | |
| Personal name | त्यागी, एम.एस. |
| 9 (RLIN) | 48000 |
| 245 ## - TITLE STATEMENT | |
| Title | आधुनिक भारत : |
| Statement of responsibility, etc | एम.एस . त्यागी |
| Remainder of title | 1858-1950 / |
| 246 ## - VARYING FORM OF TITLE | |
| Title proper/short title | Adhunik bharat : 1858-1950 / |
| Remainder of title | by M.S. Tyagi |
| 260 ## - PUBLICATION, DISTRIBUTION, ETC. (IMPRINT) | |
| Place of publication, distribution, etc | नयी दिल्ली |
| Name of publisher, distributor, etc | राधा पब्लिकेशन्स |
| Date of publication, distribution, etc | 2000 |
| 270 ## - ADDRESS | |
| City | नयी दिल्ली |
| Address | 4378/4B, अंसारी रोड |
| Postal code | 110002 |
| 300 ## - PHYSICAL DESCRIPTION | |
| Extent | 195पृ. |
| Dimensions | 21सेमी (सजिल्द) |
| 650 ## - SUBJECT ADDED ENTRY--TOPICAL TERM | |
| Topical term or geographic name as entry element | इतिहास |
| Geographic subdivision | भारत |
| 9 (RLIN) | 48001 |
| 650 ## - SUBJECT ADDED ENTRY--TOPICAL TERM | |
| Topical term or geographic name as entry element | भारत के ब्रिटिश कब्जे (1765-1947) |
| 9 (RLIN) | 48002 |
| 650 ## - SUBJECT ADDED ENTRY--TOPICAL TERM | |
| Topical term or geographic name as entry element | History |
| Geographic subdivision | India |
| 9 (RLIN) | 436 |
| 650 ## - SUBJECT ADDED ENTRY--TOPICAL TERM | |
| Topical term or geographic name as entry element | British Occupation of India (1765-1947) |
| 9 (RLIN) | 48003 |
| 942 ## - ADDED ENTRY ELEMENTS (KOHA) | |
| Source of classification or shelving scheme | Dewey Decimal Classification |
| Koha item type | Hindi Books |
| Classification part | 954 |
| Call number suffix | त्यागीए |
| Withdrawn status | Lost status | Damaged status | Not for loan | Home library | Current library | Date acquired | Source of acquisition | Cost, normal purchase price | Total Checkouts | Full call number | Barcode | Date last seen | Date checked out | Copy number | Cost, replacement price | Price effective from | Koha item type |
|---|---|---|---|---|---|---|---|---|---|---|---|---|---|---|---|---|---|
| Central Library | Central Library | 08/08/2015 | Cen Lib/Ret | 0.00 | 3 | 954 त्यागीए | B-004314 | 23/06/2018 | 03/05/2018 | 1 | 0.00 | 08/08/2015 | Hindi Books |
